Automatizované hodnotenie neuropsychologického testu
Salvato in:
| Autore principale: | |
|---|---|
| Altri autori: | |
| Natura: | Manoscritto Libro |
| Lingua: | slovacco |
| Pubblicazione: |
Bratislava :
STU v Bratislave FEI,
2023
|
| Soggetti: | |
| Accesso online: | https://opac.crzp.sk/?fn=detailBiblioFormChildW617B&sid=B9F89BDF2FCAC7085220524B24F4&seo=CRZP-detail-kniha |
| Tags: |
Nessun Tag, puoi essere il primo ad aggiungerne!!
|
MARC
| LEADER | 00000ntm a22000003a 4500 | ||
|---|---|---|---|
| 001 | stuzp91954 | ||
| 003 | SK-STU | ||
| 005 | 20241127094023.9 | ||
| 007 | ta | ||
| 008 | 150427s2015----xo-----f-mn---000-0-slo-d | ||
| 040 | |a STU |b slo | ||
| 041 | 0 | |a slo | |
| 044 | |a xo | ||
| 100 | 1 | |a Iványi, Peter |u 037000 |4 aut |U FEI Fakulta elektrotechniky a informatiky |T FEI Ústav multimediálnych informačných a komunikačných technológií |X 92486 |U E070 |Y 818 |7 92486 | |
| 242 | 0 | 1 | |a Automated scoring of a neuropsychological test |y eng |
| 245 | 1 | 0 | |a Automatizované hodnotenie neuropsychologického testu |
| 260 | |a Bratislava : |b STU v Bratislave FEI, |c 2023 | ||
| 300 | |a 54 s. | ||
| 650 | 4 | |a konvolučná neurónová sieť |2 slo | |
| 650 | 4 | |a MATLAB |2 slo | |
| 650 | 4 | |a Reyova figúra |2 slo | |
| 650 | 4 | |a ROCF |2 slo | |
| 650 | 4 | |a Rey figure |2 eng | |
| 650 | 4 | |a MATLAB |2 eng | |
| 650 | 4 | |a ROCF |2 eng | |
| 650 | 4 | |a convolutional neural network |2 eng | |
| 700 | 1 | |a Vargic, Radoslav |u 037000 |k Z1 |4 ths |U FEI Fakulta elektrotechniky a informatiky |T FEI Ústav multimediálnych informačných a komunikačných technológií |X 1918 |U E070 |Y 818 |7 A000001918 | |
| 856 | 4 | |u https://opac.crzp.sk/?fn=detailBiblioFormChildW617B&sid=B9F89BDF2FCAC7085220524B24F4&seo=CRZP-detail-kniha | |